000
00254nam a22001217a 4500
082
_a
823
_b
PAI/B
100
_a
PAI, ANAND
245
_a
BHEESHMA
260
_a
BOMBAY
_b
INDIA BOOK HOUSE
_c
1998
300
_a
16
650
_a
ENGLISH STORY
_z
INDIA
942
_c
BK
999
_c
7448
_d
7448